Anales de la Corona de Aragón / (Record no. 59517)

MARC details
000 -LEADER
campo de control de longitud fija 01101nam a2200229 i 4500
001 - NÚMERO DE CONTROL
campo de control 59517
003 - IDENTIFICADOR DE NÚMERO DE CONTROL
campo de control ES-MaACL
005 - FECHA Y HORA DE LA ÚLTIMA TRANSACCIÓN
campo de control 20250519211517.0
007 - CAMPO FIJO DE DESCRIPCIÓN FÍSICA--INFORMACIÓN GENERAL
campo de control de longitud fija t|
008 - DATOS DE LONGITUD FIJA--INFORMACIÓN GENERAL
campo de control de longitud fija 170822s1610 sp |||| | spa d
100 1# - ENTRADA PRINCIPAL--NOMBRE DE PERSONA
Nombre de persona Zurita, Jerónimo.
9 (RLIN) 118536
245 10 - MENCIÓN DEL TÍTULO
Título Anales de la Corona de Aragón /
Mención de responsabilidad, etc. compuestos por Geronymo Çurita ; Tomo primero [-sexto]...
260 ## - PUBLICACIÓN, DISTRIBUCIÓN, ETC.
Lugar de publicación, distribución, etc. Impressos en Çaragoça :
Nombre del editor, distribuidor, etc. en el Colegio de S. Vicente Ferrer por Lorenço de Robles ... : a costa de los Administradores del General,
Fecha de publicación, distribución, etc. 1610.
300 ## - DESCRIPCIÓN FÍSICA
Extensión 6 v. ([13], 454 [i.e. 456] h. ; [8], 458 [i.e. 460] h. ; [12], 326 h. ; [8], 371 h., [1] en bl. ; [8], 351 h., [1] en bl. ; [6], 407, [2] h., [1] en bl. ; [2], 31, [1] h. ;
Dimensiones 28 cm.
530 ## - NOTA DISPONIBLE DE FORMULARIO FÍSICO ADICIONAL
Nota de formato físico adicional disponible Disponible en formato digital.
597 ## - NOTA DE DESCRIPCIÓN FÍSICA
NOTA DE DESCRIPCIÓN FÍSICA Texto a dos columnas con apostillas marginales.
651 #4 - PUNTO DE ACCESO ADICIONAL DE MATERIA--NOMBRE GEOGRÁFICO
Nombre geográfico Aragón (Reino)-
Subdivisión general Historia.
9 (RLIN) 7791
852 ## - LOCALIZACIÓN
Ubicación ES-MaACL
Número de control de estantería R-144-149
Nota libre - Piel marrón, hierros
Encuadernación Olim: C-12845-50
856 ## - LOCALIZACIÓN Y ACCESO ELECTRÓNICOS
Identificador Uniforme de Recursos <a href="http://bdh-rd.bne.es/viewer.vm?id=0000041103&page=1 ">http://bdh-rd.bne.es/viewer.vm?id=0000041103&page=1 </a>
Nota pública Biblioteca Digital Hispánica
942 ## - ELEMENTOS DE ENTRADA SECUNDARIOS (KOHA)
Fuente del sistema de clasificación o colocación Clasificación decimal universal
Holdings
Estatus retirado Estado de pérdida Estado de daño No para préstamo Colección Biblioteca de origen Biblioteca actual Ubicación en estantería Fecha de adquisición Fuente de adquisición Total de préstamos Signatura topográfica completa Código de barras Visto por última vez Precio de reemplazo Tipo de ítem Koha
        Colección digital Biblioteca del Ateneo de Madrid Biblioteca del Ateneo de Madrid Depósito 22/08/2017     R-144-149 1197940 23/02/2023 23/02/2023 Libro impreso antiguo